000
00335nam a2200145Ia 4500
008
150201s2010 xx 000 0 und d
082
_a
610.73678
_b
M10I
100
_a
INDRANI , TK.
245
_a
TB. OF MIDWIFERY
250
_a
1ST
260
_b
JAYPEE
_a
DELHI
_c
2010
300
_a
398
650
_a
OBST. & GYNEA.
942
_2
ddc
_c
BK
_0
1
999
_c
2114
_d
2114